PEDIATRIC NURSING (Record no. 6842)

MARC details
000 -LEADER
fixed length control field 00344nam a2200145Ia 4500
008 - FIXED-LENGTH DATA ELEMENTS--GENERAL INFORMATION
fixed length control field 150301s2014 xx 000 0 und d
082 ## - DEWEY DECIMAL CLASSIFICATION NUMBER
Classification number 610.7362
Item number P14D
100 ## - MAIN ENTRY--PERSONAL NAME
Personal name DATTA, PARUL
245 ## - TITLE STATEMENT
Title PEDIATRIC NURSING
250 ## - EDITION STATEMENT
Edition statement 3RD
260 ## - PUBLICATION, DISTRIBUTION, ETC. (IMPRINT)
Name of publisher, distributor, etc. JAYPEE MEDICAL PUB.
Date of publication, distribution, etc. 2014
300 ## - PHYSICAL DESCRIPTION
Extent 506
650 ## - SUBJECT ADDED ENTRY--TOPICAL TERM
Topical term or geographic name as entry element PEDIATRIC NURSING
942 ## - ADDED ENTRY ELEMENTS (KOHA)
Source of classification or shelving scheme Dewey Decimal Classification
Koha item type Books
Koha issues (borrowed), all copies 50
Holdings
Withdrawn status Lost status Source of classification or shelving scheme Damaged status Not for loan Collection code Home library Current library Shelving location Date acquired Source of acquisition Cost, normal purchase price SGTU Bill Number Total Checkouts Full call number Barcode Date last seen Date last checked out Bill Date Koha item type Checked out
    Dewey Decimal Classification     NURSING SGT Medical Library SGT Medical Library Text Book 02/07/2015 ABC DELHI 495.00 SGTU 5533 25 610.7362 P14D FN2876 21/06/2022 29/03/2022 25/03/2015 Books  
    Dewey Decimal Classification     NURSING SGT Medical Library SGT Medical Library Text Book 02/07/2015 ABC DELHI 495.00 SGTU 5533 59 610.7362 P14D FN2877 18/05/2026 18/05/2026 25/03/2015 Books 01/06/2026
weeded-out   Dewey Decimal Classification     NURSING SGT Medical Library SGT Medical Library Text Book 02/07/2015 ABC DELHI 495.00 SGTU 5533 31 610.7362 P14D FN2878 15/10/2018 28/09/2018 25/03/2015 Books  
weeded-out   Dewey Decimal Classification     NURSING SGT Medical Library SGT Medical Library Text Book 02/07/2015 ABC DELHI 495.00 SGTU 5533 34 610.7362 P14D FN2879 29/09/2021 27/09/2021 25/03/2015 Books  
    Dewey Decimal Classification     NURSING SGT Medical Library SGT Medical Library Text Book 02/07/2015 ABC DELHI 495.00 SGTU 5533 50 610.7362 P14D FN2880 28/05/2026 28/05/2026 25/03/2015 Books